000 00254 a2200121 4500
001 48656
040 _cAnchieta - Bela Vista
240 1 0 _aBranca de neve
_lpor
245 1 0 _aBranca de neve
362 0 _a2011
650 4 _aLiteratura infantil
942 _cBK
999 _c48656
_d48656